Control democrático de la gestión económica /

में बचाया:
ग्रंथसूची विवरण
मुख्य लेखक: Ayrton, Fausto
अन्य लेखक: Campero, Guillermo
स्वरूप: मूलपाठ
प्रकाशित: Buenos Aires: s.e.
टैग: टैग जोड़ें
कोई टैग नहीं, इस रिकॉर्ड को टैग करने वाले पहले व्यक्ति बनें!

MARC

LEADER 00000 a a2200000 04500
001 22760
003
040
090 |a 156400  
100 |a Ayrton, Fausto  
245 |a Control democrático de la gestión económica /  |c Fausto Ayrton 
260 |a Buenos Aires:   |b s.e.  
300 |a 14 p  
700 |a Campero, Guillermo  
999 |c 12846  |d 12846